00386nam a2200145Ia 4500008004100000040001900041041001200060082002500072100002200097245002900119260003400148300001900182650002100201850001800222131103s9999 xx 000 0 und d aLoreto College aEnglish a843/SARbLCLIB/16791 aCranston, Maurice aSartrecMaurice Cranston aLondonbOliver and boydc1965 a118p. c 18cm. aFrench - fiction aLCLIB/843/SAR